000 00709cam a2200241u 4500
001 4083
003 BD-RjUL
005 20211208233830.0
008 131221s1942 xx 001 0 eng d
035 _a(BD-RjUL)4117
040 _aDLC
_cCarP
_dDLC
_d(BD-RjUL)
_beng
041 _aeng
082 0 4 _219
_a332.82015
_bSIT
100 1 _aSimha, Seshadriiyengar Lakshmi Nara,
_d1918- [from old catalog]
_912976
245 1 4 _aThe theory of interest /
_cSimha, Seshadriiyengar Lakshmi Nara,
260 _aMysore,
_c1942.
_bThe Bangalore Press,
300 _axii 250p. ;
_c22 cm.
504 _aBibliography 245-250
650 0 _aInterest.
_912977
942 _2ddc
_cBK
999 _c4083
_d4083